000 00856nam a2200253 i 4500
001 105702
003 ES-MaACL
005 20230906183943.0
007 t|
008 060809s1948 ag ||||1| spa d
080 _a141.32(0:82)
080 _a82.09"19"
100 1 _aTorre, Guillermo de (
_d1900-1971)
_9110740
245 1 0 _aValoración literaria del existencialismo /
_cGuillermo de Torre.
260 _aBuenos Aires :
_bOllantay,
_c[1948]
300 _a89 p. :
_b1 retr. ;
_c20 cm.
490 1 _aAguja de vidrio ;
_v2
500 _aBiblioteca Juan Andrade.
650 1 4 _aExistencialismo-
_xEn la literatura.
_912680
650 4 _aLiteratura-
_yS.XX-
_xHistoria y crítica.
_9139829
830 0 _aAguja de vidrio ;
_v2
_9232763
852 _aES-MaACL
_jAND-515
_bR.109800
_q. - Ded. autógr. del autor a Juan Andrade
999 _c105702
_d105702